Quel joueur de la NBA ? - Statistiques

Statistiques générales
  • Ce quiz a été pris 67 fois
  • Le résultat moyen est 15 sur 20
Statistiques - réponses
Indice Joueur % Correct
Est décédé en 2020 dans un accident d'hélicoptère en Californie Kobe Bryant
100%
Son nom est synonyme de masturbation (accessoirement 50 000 points en carrière) LeBron James
100%
Détient le record de paniers à 3 points marqués en carrière Stephen Curry
100%
A inscrit 100 points lors d'un match Wilt Chamberlain
97%
Est le premier joueur élu Défenseur de l'Année à l'unanimité, en 2026 Victor Wembanyama
95%
Fut la co-vedette d'un film avec Bugs Bunny en 1996 Michael Jordan
87%
A annoncé en 1991 être porteur du VIH et prendre sa (première) retraite Magic Johnson
81%
Premier joueur non-américain à remporter le MVP, il représentait le Nigeria Hakeem Olajuwon
77%
Principal rival du précédent, il a joué avec lui dans la Dream Team en 1992 Larry Bird
77%
Légende allemande des Dallas Mavericks, il a joué 1 522 matchs pour sa franchise Dirk Nowitzki
76%
A plus de bagues NBA que de doigts (11 titres avec les Boston Celtics) Bill Russell
71%
A marqué 322 dunks sur sa saison de rookie en 1992-1993 Shaquille O'Neal
71%
A distribué 15 806 passes décisives pour l'Utah Jazz entre 1984 et 2003 John Stockton
69%
A remporté le titre de MVP 6 fois entre 1971 et 1980 Kareem Abdul-Jabbar
68%
Seul joueur à détenir le record de sa franchise, les Minnesota Timberwolves, dansles 5 statistiques (Points, Rebonds, Passes décisives, Contres et Interceptions) Kevin Garnett
68%
Est l'interprète de la chanson Balance-toi (il était meilleur au basket) Tony Parker
68%
Sa silhouette est représentée sur le logo de la NBA Jerry West
63%
Surnommé Dr. J, il était la plus grande star de l'ABA avant la fusion avec la NBA Julius Erving
55%
Plus petit joueur NBA (160 cm), il a joué avec Manute Bol (231 cm) Muggsy Bogues
53%
Freeze Corleone : « J'arrive chinois sur le terrain, j'me sens comme J____ __ » Jeremy Lin
52%
Aucun quiz correspondant
Distribution des résultats
% des personnes avec chaque résultat
Percentile par nombre de réponses
Votre historique - résultats
Vous n’avez pas pris ce quiz